ნორმალური ფორმატი
MARC ფორმატი
ჩანაწერი Personal Name
ჩანაწერთა რაოდენობა, რომელიც გამოყენებულია: 1
001 - CONTROL NUMBER
- control field: 5133
003 - CONTROL NUMBER IDENTIFIER
- control field: GE_BSU
005 - DATE AND TIME OF LATEST TRANSACTION
- control field: 20191031101513.0
008 - FIXED-LENGTH DATA ELEMENTS
- fixed length control field: 191031|| aca||aabn | a|a d
040 ## - CATALOGING SOURCE
- Original cataloging agency: GE_BSU
- Transcribing agency: GE_BSU
100 ## - HEADING--PERSONAL NAME
- Personal name: დენიელ პ. სალივანი
670 ## - SOURCE DATA FOUND
- Source citation: Work cat.: (GE_BSU)55034: დენიელსი, ჯონ 5087, საერთაშორისო ბიზნესი : გარესამყარო და ოპერაციები /
